000 00733cam a2200181 a 4500
020 _a9251022143
040 _cCtY
082 _a634 FOO 1985 A053 Or.
100 1 _aThielges, Bart A.
245 1 0 _aBreeding poplars for disease resistance.
260 0 _aRome :
_bFood and Agriculture Organization of the United Nations,
_c1985.
300 _avi, 66 p. :
_bill. ;
_c30 cm.
500 _a"This paper, prepared ... by Professor B.A. Thielges ... was presented as a background paper to the ad hoc Committee on Poplar Breeding during the 17th Session of the IPC at Ottawa, Canada, in October 1984"--P. iii.
650 0 _aPoplar
650 0 _aPoplar
710 2 _aFood and Agriculture Organization of the United Nations.
942 _cEK
999 _c14902
_d14902